JAVA 2 COMPLETE / (Record no. 78133)

MARC details
000 -LEADER
fixed length control field 00682nam a2200241Ia 4500
008 - FIXED-LENGTH DATA ELEMENTS--GENERAL INFORMATION
fixed length control field 220922s9999||||xx |||||||||||||| ||und||
020 ## - INTERNATIONAL STANDARD BOOK NUMBER
International Standard Book Number 8176860774
040 ## - CATALOGING SOURCE
Transcribing agency SFLIB
041 ## - LANGUAGE CODE
Language code of text/sound track or separate title English
082 ## - DEWEY DECIMAL CLASSIFICATION NUMBER
Classification number COM-APLS
Item number 133
100 ## - MAIN ENTRY--PERSONAL NAME
Personal name Krista Reid-McLaughlin
100 ## - MAIN ENTRY--PERSONAL NAME
Personal name Laura Arendal
100 ## - MAIN ENTRY--PERSONAL NAME
Personal name Lisa Duran
100 ## - MAIN ENTRY--PERSONAL NAME
Personal name Steve Gilmartin
100 ## - MAIN ENTRY--PERSONAL NAME
Personal name Alison Moncrieff
245 #0 - TITLE STATEMENT
Title JAVA 2 COMPLETE /
Statement of responsibility, etc. by Sybex Inc., Alison Moncrieff, Steve Gilmartin, Laura Arendal, Krista Reid-McLaughlin, Lisa Duran
260 ## - PUBLICATION, DISTRIBUTION, ETC.
Place of publication, distribution, etc. NEW DELHI :
Name of publisher, distributor, etc. BPB Publications,
Date of publication, distribution, etc. 1999
300 ## - PHYSICAL DESCRIPTION
Extent 1000 p.
650 ## - SUBJECT ADDED ENTRY--TOPICAL TERM
Topical term or geographic name entry element java
650 ## - SUBJECT ADDED ENTRY--TOPICAL TERM
Topical term or geographic name entry element java 2
650 ## - SUBJECT ADDED ENTRY--TOPICAL TERM
Topical term or geographic name entry element java 2 complete
942 ## - ADDED ENTRY ELEMENTS (KOHA)
Koha item type SF Library Books
Holdings
Withdrawn status Lost status Damaged status Collection code Not for loan Home library Current library Shelving location Date acquired Cost, normal purchase price Total Checkouts Full call number Barcode Date last seen Price effective from Koha item type
      Computer Applications   Z - SF LIBRARY@STCP Z - SF LIBRARY@STCP Shelf 1 - Rack 5 2022-09-24 199.00   COM-APLS 133 SF1136 2022-09-24 2022-09-24 SF Library Books
Rights reserved ©2021 ST. THOMAS COLLEGE LIBRARY
A joint venture of - St. Thomas College Library and
Department of Computer Science, St. Thomas Collge Palai